000 00830nam a2200229 i 4500
001 70558
003 ES-MaACL
005 20250815022832.0
007 t|
008 040728s1979 sp ||||1| spa d
100 1 _aGarcía Villarubia, Fernando.
_955412
245 1 0 _aAproximación al carlismo andaluz en la Guerra de los Siete Años
_b: (1833-1840) /
_cFernando García Villarrubia.
260 _aMadrid :
_bEasa,
_c1979.
300 _a283 p. ;
_c18 cm.
490 1 _aColección de bolsillo: Serie Historia ;
_v4
504 _aBibliografía: p. 277-283.
610 2 4 _aPartido Carlista-
_xHistoria.
_9170125
651 4 _aEspaña-
_xHistoria-
_y1833-1840, Guerra carlista
_98250
830 0 0 _aColección de bolsillo.
_pSerie historia
_v4
_9183306
852 _aES-MaACL
_jA-10507
_bR.99708
999 _c70558
_d70558